000 00466nam a22001817a 4500
003 NUST - PNEC
005 20170116180952.0
008 150907b xxu||||| |||| 00| 0 eng d
020 _a0675200334
040 _cLIBRARY
082 _a621.3815365 TOC
100 _98973
_aTocci, Ronald J.
245 _aFundamentals of pulse and digital circuits
_cRonald J. Tocci
250 _a3rd ed.
260 _cc.1983
650 _99206
_aElectronics
_xEL
942 _2ddc
_cBK
999 _c66461
_d66461